| 000 | 00676nam a2200181 i 4500 | ||
|---|---|---|---|
| 001 | 100089 | ||
| 003 | ES-MaACL | ||
| 005 | 20250915063043.0 | ||
| 007 | t| | ||
| 008 | 050921s1958 sp ||||1| spa d | ||
| 100 | 1 |
_aMartínez Val, José María, _d1916- _978455 |
|
| 245 | 1 | 0 |
_aCicerón: el abogado _b: (En el bimilenario de su muerte) / _cDr. José María Martínez Val. |
| 260 |
_aCiudad Real : _bInstituto Nacional de Enseñanza Media "Maestro Juan de Avila", _c1958. |
||
| 300 |
_a21 p. ; _c22 cm. |
||
| 710 | 2 |
_aInstituto Nacional de Enseñanza Media "Maestro Juan de Avila" ( _cCiudad Real) _95159 |
|
| 852 |
_aES-MaACL _j2008-F-14 _bR.42791 |
||
| 999 |
_c100089 _d100089 |
||